000
00323nam a2200133Ia 4500
005
20251222144825.0
008
251222s9999||||xx |||||||||||||| ||spa||
020
_a
84-7118-404-4
082
_a
234.5/J81R/1985
100
_a
Juan Pablo II, Papa
245
0
_a
Reconciliatio et Paenitentia
264
_b
Epalsa
942
_c
LIB
999
_c
20641
_d
20641